LEADER 00970nam a2200253 u 4500 001 000000117968 003 CaOOAMICUS 005 20091112113224.0 008 091112s1953 it u000 u ita u 040 $aPUL$bita$dMCT 100 1 $aPerez, Giovanni.$0(OLS)http://pul/name/73664 245 13$aLa scienza è contro la fede? /$cprof. Giovanni Perez. 260 $aVicenza :$bFavero,$c1953. 300 $a591 p. ;$c21 cm 500 $aComprende indici. 504 $aBibliografia in nota. 650 4$aFede e ragione.$0(OLS)http://pul/subject/3185 650 4$aScienza$xAspetti religiosi.$0(OLS)http://pul/subject/5834 850 $aPUL 852 $aPUL$W1$xDP1 Religione 1$y20$m499 D 19$j135384$qStampati$B134355$CPULBib$Z2$F134355 $H21095 $82 941 1 $a8 960 $aRagione e fede$93185 996 $6245$aLa scienza è contro la fede?$9(OLS)http://pul/title/148485 996 $6260$aVicenza :$bFavero$9(OLS)http://pul/publisher/56466 LEADER 01764nam a2200289 u 4500 001 000000068307 003 CaOOAMICUS 005 20070226121801.0 008 020307s18461847fr abef u000 u fre u 035 $a10922972 040 $aPUL(R)$bita 100 1 $aDezobry, Louis Charles,$d1798-1871.$0(OLS)http://pul/name/45459 245 10$aRome au siècle d'Auguste, :$bou Voyage d'un Gaulois à Rome à l'époque du règne d'Auguste et pendant une partie du règne de Tibère, précédé d'une description de Rome aux époques d'Auguste et de Tibère /$cpar Ch. Dezobry. 246 30$aDescription de Rome aux époques d'Auguste et de Tibère 246 30$aVoyage d'un Gaulois à Rome 250 $aNouvelle éd. rev. augm. 260 $aParis :$bDezobry, E. Magdeleine et Cie,$c1846-1847. 300 $a4 v. :$billus., plates (part fold.) fold. maps, fold. plans. ;$c21 cm 651 0$aRome$xSocial life and customs.$2//eng$0(OLS)http://pul/subject/884 651 0$aRome$xHistory$yEmpire, 30 B.C.-284 A.D.$2//eng$0(OLS)http://pul/subject/3592 850 $aPUL 852 $aPUL$W1$xDP1 Antico 800$y27$m116 D 29.32$j88353$nBK-PRI$b $qStampati Antico$B88353$CPULBib$Z2$F88353 $H $81 941 1 $a15 996 $6245$aRome au siècle d'Auguste, :$bou Voyage d'un Gaulois à Rome à l'époque du règne d'Auguste et pendant une partie du règne de Tibère, précédé d'une description de Rome aux époques d'Auguste et de Tibère$9(OLS)http://pul/title/90381 996 $6246$aDescription de Rome aux époques d'Auguste et de Tibère$9(OLS)http://pul/title/90382 996 $6246$aVoyage d'un Gaulois à Rome$9(OLS)http://pul/title/90383 996 $6260$aParis :$bDezobry, E. Magdeleine et Cie$9(OLS)http://pul/publisher/72129